Govt. of
Madhya Pradesh

Exercise Physiology and Nutrition (Record no. 59725)

MARC details
000 -LEADER
fixed length control field 00374nam a22001457a 4500
003 - CONTROL NUMBER IDENTIFIER
control field MACL,
005 - DATE AND TIME OF LATEST TRANSACTION
control field 20190508162521.0
008 - FIXED-LENGTH DATA ELEMENTS--GENERAL INFORMATION
fixed length control field 190508b xxu||||| |||| 00| 0 eng d
040 ## - CATALOGING SOURCE
Transcribing agency MACL,
100 ## - MAIN ENTRY--PERSONAL NAME
Personal name Khanna, G L
9 (RLIN) 74820
245 ## - TITLE STATEMENT
Title Exercise Physiology and Nutrition
260 ## - PUBLICATION, DISTRIBUTION, ETC. (IMPRINT)
Place of publication, distribution, etc. New Delhi
Name of publisher, distributor, etc. Friend Pub
Date of publication, distribution, etc. 2016
650 ## - SUBJECT ADDED ENTRY--TOPICAL TERM
Topical term or geographic name as entry element Physical fitnees
9 (RLIN) 74821
942 ## - ADDED ENTRY ELEMENTS (KOHA)
Source of classification or shelving scheme
Koha item type Books
Holdings
Withdrawn status Lost status Source of classification or shelving scheme Damaged status Not for loan Home library Current library Date acquired Cost, normal purchase price Total Checkouts Full call number Barcode Date last seen Price effective from Koha item type
          MACL MACL 08/05/2019 1695.00   613 CRE035093 02/05/2024 08/05/2019 Books